000 01427nam a22003857a 4500
003 CHAP
005 20220329143221.0
008 070328d2006 ag r 00110 spa d
010 _a93444
011 _a94416
020 _a987 521 217 2
035 _a105006
040 _cCHAP
082 0 4 _a630.717
_bF77
100 1 _aFrank, Ernesto O.
_943013
245 1 0 _aExperiencias de evaluación en extensión y comunicación rural :
_buna lectura compartida entre actores y destinatarios
_c/por Ernesto O.Frank y Juan J. Torrado
260 _aBuenos Aires :
_bInstituto Nacional de Tecnología Agropecuaria,
_c2006.
300 _a285 p. :
_bgráfs.; cuadros.
590 _aBATCH-UPD
_b10
_c20130110
_lUCH01
_h0509
590 _aBATCH-UPD
_b10
_c20130410
_lUCH01
_h0147
590 _aBATCH-UPD
_b10
_c20130913
_lUCH01
_h2003
590 _aBATCH-UPD
_b10
_c20130914
_lUCH01
_h1148
590 _aCONVERSION
_b10
_c20130109
_lUCH01
_h1352
650 1 4 _aAgricultura
_xArgentina.
_91191
650 1 4 _aAgricultura
_xInnovaciones tecnológicas.
_91565
650 1 4 _aAgricultura
_xSistemas de información.
_91796
650 1 4 _aDesarrollo de la comunidad rural.
_931995
650 1 4 _aExtensión agrícola.
_939144
650 1 4 _aVida rural.
_9119152
700 1 _aTorrado, Juan J.
_9113991
901 _aBK
905 _aElisama A. H.
942 _cLIBRO
949 _a630.717 F77
_bBC
_cLIBRO
_d33724002025040
_eLIBRO
_h108485
_i105006
_kDonaciØn
_sb
999 _c93444
_d93444